01121nam a2200301Ia 4500001001200000003000800012006001900020007001500039008004100054020001800095020001800113040002100131035002100152050002500173100002000198245008400218260004600302300001600348504005100364533015200415650002600567650001300593655002900606700002600635710001700661856012600678999001500804ebr10700570CaPaEBRm o u cr cn|||||||||950605s2013 enk sb 001 0 eng d z9781908977090 z9781908977106 aCaPaEBRcCaPaEBR a(OCoLC)84431108314aQC20.M35bL63 2013eb1 aMainzer, Klaus.10aLocal activity principleh[electronic resource] /cKlaus Mainzer and Leon Chua. aLondon :bImperial College Press,cc2013. axii, 443 p. aIncludes bibliographical references and index. aElectronic reproduction.bPalo Alto, Calif. :cebrary,d2013.nAvailable via World Wide Web.nAccess may be limited to ebrary affiliated libraries. 0aMathematical physics. 0aPhysics. 7aElectronic books.2local1 aChua, Leon O.,d1936-2 aebrary, Inc.40uhttp://site.ebrary.com/lib/rucke/Doc?id=10700570zAn electronic book accessible through the World Wide Web; click to view c7122d7122